000
00283nam a22001217a 4500
008
181018b xxu||||| |||| 00| 0 eng d
041
_a
eng
080
_a
574
100
_a
9
101
_a
MJE
245
_a
Nontarif Agricultural Trade Barriers
_c
Hillman.J.S
942
_2
udc
_c
BK
999
_c
50148
_d
50148